Japanese Breakfast Songs- Sudden Death - Statistics

General Stats
  • This quiz has been taken 12 times
  • The average score is 6 of 12
Answers on the Grid
Answers color-coded by a green-red scale on the quiz's grid according to % correct below.
This House
Posing in Bondage
Machinist
Be Kind
Paul
Ego Death
Little Boy
Paprika
So Real
Road Head
Dying Woman
Boyish
Triple 7
Japchae
Miso
Rugged City
Sweet Water
Men in Bars
Magic Mountain
Sit
Tactics
Death Part
Body is a Blade
Here I Am
 
Answer Stats
Answer % Correct
Posing in Bondage
88%
Paprika
75%
Body is a Blade
63%
Boyish
63%
Road Head
63%
This House
63%
Machinist
50%
Triple 7
50%
Men in Bars
38%
Tactics
38%
Magic Mountain
25%
Sit
25%
No matching quizzes found
Score Distribution
Percent of People with Each Score
Percentile by Number Answered
Your Score History
You have not taken this quiz